| 000 | 00862cam a22002531 4500 | ||
|---|---|---|---|
| 001 | gs 54000221 | ||
| 003 | DLC | ||
| 005 | 20260227111401.0 | ||
| 008 | 780125s1953 dcub b 000 0 eng c | ||
| 010 | _ags 54000221 | ||
| 035 | _a(OCoLC)3579158 | ||
| 040 |
_aU.S.Geol.Survey. Libr. _cCCC _dOCoLC _dDLC |
||
| 042 | _apremarc | ||
| 050 | 0 | 0 |
_aQE75 _b.C5 no. 293 |
| 051 |
_aTN805.A5 _bA85 1953 _cCopy 2. |
||
| 100 | 1 |
_aAveritt, Paul, _d1908- |
|
| 245 | 0 | 0 |
_aCoal resources of the United States _b(a progress report, October 1, 1953) _cby Paul Averitt, Louise R. Berryhill, and Dorothy A. Taylor. |
| 260 |
_aWashington, _c1953. |
||
| 300 |
_aiv, 49 p. _bmaps, diagrs., tables. _c27 cm. |
||
| 490 | 1 | _aGeological Survey circular 293 | |
| 504 | _aBibliography: p.47-49. | ||
| 650 | 0 |
_aCoal _zUnited States. |
|
| 810 | 2 |
_aGeological Survey (U.S.). _tCircular ; _v293. |
|
| 999 |
_c28871 _d28871 |
||